000
00231nam a22000857a 4500
008
170626b xxu||||| |||| 00| 0 eng d
100
_9
3700
_a
Nayar. R
245
_a
Economics Question Bank XII
260
_a
New Delhi
_b
Tata publication
_c
2009
999
_c
7121
_d
7121